A carregar...

Applied Statistical Decision Theory

Detalhes bibliográficos
Autor principal: Raiffa, Howard and Schlaifer,Robert
Formato: Printed Book
Idioma:English
Publicado em: London: The M.I.T. Press, 1961.
Edição:1961.
Assuntos:
LEADER 00678nam a22001694a 4500
008 141216n ii |||gr||||Z||||||eng
082 |a 519 RAI 
100 |a Raiffa, Howard and Schlaifer,Robert. 
245 1 |a Applied Statistical Decision Theory  |h Textual Documents 
250 |a 1961. 
260 |a London:  |b The M.I.T. Press,  |c 1961. 
300 |a xxviii; 356p.:  |e R05371. 
630 |a Statistics,TwoBasic Modes of Analysis,Linear Terminal Analysis. 
852 |t 1  |p STAR05371  |a Reference Shelf-2  |b Reference  |k 519 RAI  |f 00000 
942 |c BK 
999 |c 220455  |d 220455 
952 |0 0  |1 0  |4 0  |6 519_000000000000000_RAI  |7 0  |9 234596  |a STA  |b STA  |d 2019-12-11  |l 0  |o 519 RAI  |p STAR05371  |r 2019-12-11  |t 1  |w 2019-12-11  |y BK